Computer Oriented Numerical Methods (Record no. 323567)

MARC details
000 -LEADER
fixed length control field 00507nam a2200169Ia 4500
008 - FIXED-LENGTH DATA ELEMENTS--GENERAL INFORMATION
fixed length control field 230718s9999 xx 000 0 und d
041 ## - LANGUAGE CODE
Language code of text/sound track or separate title eng
082 ## - DEWEY DECIMAL CLASSIFICATION NUMBER
Classification number 519.4024
Item number AUT
100 ## - MAIN ENTRY--PERSONAL NAME
Personal name Auti A.B.
245 ## - TITLE STATEMENT
Title Computer Oriented Numerical Methods
Remainder of title + Laboratory Practical Handbook For C And Matlab Programs
250 ## - EDITION STATEMENT
Edition statement 3rd Re.ed.
260 ## - PUBLICATION, DISTRIBUTION, ETC. (IMPRINT)
Date of publication, distribution, etc. 2008
Name of publisher, distributor, etc. Tech-Max Publications
300 ## - PHYSICAL DESCRIPTION
Extent 999
365 ## - TRADE PRICE
Currency code Rs.
Price amount 415.00
700 ## - ADDED ENTRY--PERSONAL NAME
Personal name Auti A.B.
906 ## - LOCAL DATA ELEMENT F, LDF (RLIN)
d O:0047114-Jan-2010B:217327-Jul-2009
c MECH
b 62.25
Holdings
Withdrawn status Lost status Damaged status Not for loan Home library Current library Date acquired Vendor Budget Code Cost, normal purchase price Bill number Total Checkouts Full call number Barcode Date last seen Discount Cost, replacement price Bill Date Koha item type Original Barcode
        Cummins College of Engineering for Women Pune Cummins College of Engineering for Women Pune 14/01/2010 Om Book Stall MECH 352.75 2173   519.4024 CCEP-BK-34774 18/07/2023 62.25 415.00 27/07/2009 Books 034774